| 000 | 00999cam a22002651 4500 | ||
|---|---|---|---|
| 001 | sa 68019067 | ||
| 003 | DLC | ||
| 005 | 20260227112716.0 | ||
| 008 | 881028s1965 ii b 000 0 arar | ||
| 010 | _asa 68019067 | ||
| 035 | _a(OCoLC)18685877 | ||
| 040 |
_aDLC _cWaU _dOCoLC _dDLC |
||
| 042 | _apremarc | ||
| 050 | 0 | 0 |
_aDS485.D3 _bM34 1965 |
| 100 | 1 |
_aMāhrū, ʻAinuddīn ʻAinulmulk ʻAbdullāh, _dactive 14th century. |
|
| 245 | 1 | 0 |
_aInshā-yi Māhrū. _cMunshāt ʻAinuddīn ʻAinulmulk ʻAbdullāh bin Mahrū. Bātasḥīh-ʻi va muqaddamat-i Abdur Rashīd. |
| 260 |
_aLahor, _bIntishārāt-i Taḥqiqāt-i Pakistān, _c[1965] |
||
| 300 | _a244, 53, [1] p. | ||
| 410 | 2 | 0 |
_aResearch Society of Pakistan. _tPublication, _vno. 1 |
| 500 | _aAdded t.p.: Inshāʼi-Māhrū, letters of ʻAin ud-Din ʻAin ul-Mulk Abdullah bin Mahru. | ||
| 500 | _aIntrod. in English. | ||
| 504 | _aBibliography: p.[54] (2d group) | ||
| 651 | 0 |
_aDelhi (India) _xHistory _xSources. |
|
| 700 | 0 | _aAbdur Rashid. | |
| 999 |
_c88801 _d88801 |
||